000 00432nam a2200181Ia 4500
001 24183
005 20260414151026.0
008 260414t2017||||xx |||||||||||||| ||spa||
041 _aESP
082 _a792.02
_bCH539
100 _aChejov, Michael
_eAUT
245 0 _aSobre la técnica de la actuación
_b
260 _c2017
300 _a310 páginas :
_c21 cm.
650 _aABD
654 _aCAU
942 _cLIB
_dJUS
_fJUS
_2ddc
_n
999 _c24183
_d24183